header

Riding Freedom (Record no. 264570)

MARC details
000 -LEADER
fixed length control field 00442nam a22001817a 4500
003 - CONTROL NUMBER IDENTIFIER
control field OSt
005 - DATE AND TIME OF LATEST TRANSACTION
control field 20241003124819.0
008 - FIXED-LENGTH DATA ELEMENTS--GENERAL INFORMATION
fixed length control field 241003b xxu||||| |||| 00| 0 eng d
020 ## - INTERNATIONAL STANDARD BOOK NUMBER
International Standard Book Number 9780439087964
International Standard Book Number 0439087961
040 ## - CATALOGING SOURCE
Transcribing agency N/A
050 ## - LIBRARY OF CONGRESS CALL NUMBER
Classification number PZ7.
Item number R9553
100 ## - MAIN ENTRY--PERSONAL NAME
Personal name Pam Muñoz Ryan
245 ## - TITLE STATEMENT
Title Riding Freedom
Statement of responsibility, etc Ryan, Pam Muñoz.
260 ## - PUBLICATION, DISTRIBUTION, ETC. (IMPRINT)
Place of publication, distribution, etc New York
Name of publisher, distributor, etc Scholastic Press
Date of publication, distribution, etc 1998
300 ## - PHYSICAL DESCRIPTION
Other physical details 138 pages
942 ## - ADDED ENTRY ELEMENTS (KOHA)
Source of classification or shelving scheme Library of Congress Classification
Koha item type Long Loan Books
Holdings
Withdrawn status Lost status Source of classification or shelving scheme Damaged status Not for loan Collection code Home library Current library Shelving location Date acquired Total Checkouts Full call number Barcode Date last seen Price effective from Koha item type
    Library of Congress Classification     Fiction Rongo University Library Rongo University Library Children's Area 18/10/2024   PZ7. R9553 1998 CL20243658 18/10/2024 18/10/2024 Long Loan Books

© 2026 Rongo University
Contact us: librarian | system librarian | Rongo university